Library Banner

Analytical techniques for biopharmaceutical development / (Record no. 124744)

MARC details
000 -LEADER
fixed length control field 00510nam a22001577a 4500
005 - DATE AND TIME OF LATEST TRANSACTION
control field 20211120114820.0
008 - FIXED-LENGTH DATA ELEMENTS--GENERAL INFORMATION
fixed length control field 211120b ||||| |||| 00| 0 eng d
020 ## - INTERNATIONAL STANDARD BOOK NUMBER
International Standard Book Number 9780824726676
040 ## - CATALOGING SOURCE
Transcribing agency PK-LaUMT
082 ## - DEWEY DECIMAL CLASSIFICATION NUMBER
Classification number 615.7
Item number ANA-
245 ## - TITLE STATEMENT
Title Analytical techniques for biopharmaceutical development /
Statement of responsibility, etc edited by Roberto Rodriguez-Diaz, Tim Wehr and Stephen Tuck
260 ## - PUBLICATION, DISTRIBUTION, ETC. (IMPRINT)
Place of publication, distribution, etc Boca Raton :
Name of publisher, distributor, etc Taylor & Francis,
Date of publication, distribution, etc 2005
300 ## - PHYSICAL DESCRIPTION
Extent 412 p.
650 ## - SUBJECT ADDED ENTRY--TOPICAL TERM
Topical term or geographic name as entry element Protein drug-Analysis-Laboratory manuals
942 ## - ADDED ENTRY ELEMENTS (KOHA)
Koha item type Books
Holdings
Withdrawn status Lost status Damaged status Home library Current library Date acquired Full call number Barcode Date last seen Price effective from Koha item type
      UMT Health Sciences Campus UMT Health Sciences Campus 2021-11-20 615.7 ANA- 139463 2021-11-20 2021-11-20 Books